[Event "Madrid-chT 2021"]
[Site "Madrid"]
[Date "2021.04.11"]
[Round "7.1"]
[White "Vazquez Igarza, Renier"]
[Black "Martinez Fernandez, Raul"]
[Result "1-0"]
[WhiteElo "2560"]
[BlackElo "2170"]
[PlyCount "62"]
[EventDate "2021.01.24"]
[EventType "team-tourn"]
[EventRounds "14"]
[EventCountry "ESP"]
[SourceTitle "Ajedrez en Madrid"]
[Source "lmi"]
[SourceDate "2021.01.23"]
[SourceVersion "1"]
[SourceVersionDate "2021.06.08"]
[SourceQuality "1"]
[WhiteTeam "Collado Villalba"]
[BlackTeam "San Sebastian de los Reyes"]
[WhiteTeamCountry "ESP"]
[BlackTeamCountry "ESP"]

1. d4 d5 2. Nf3 Nf6 3. c4 c6 4. Nc3 dxc4 5. a4 Bf5 6. e3 Nbd7 7. Bxc4 e6 8. O-O
Bb4 9. Qe2 Bg6 10. e4 O-O 11. Bd3 Re8 12. e5 Bxd3 13. Qxd3 Nd5 14. Nxd5 cxd5
15. Qb5 Qe7 16. Bg5 f6 17. exf6 gxf6 18. Bh4 a6 19. Qd3 Qg7 20. Qb3 Qf8 21.
Rfc1 Rac8 22. a5 Kf7 23. Bg3 Nb8 24. Bxb8 Rxb8 25. Rc7+ Re7 26. Rc2 Rd7 27. g3
Bd6 28. Rb1 Rc8 29. Qd3 Rxc2 30. Qxh7+ Qg7 31. Qxc2 Rc7 1-0

[Event "Madrid-chT 2021"]
[Site "Madrid"]
[Date "2021.04.11"]
[Round "7.2"]
[White "Quevedo Marin, Manuel"]
[Black "Martin Duque, Jesus"]
[Result "0-1"]
[WhiteElo "2199"]
[BlackElo "2439"]
[PlyCount "98"]
[EventDate "2021.01.24"]
[EventType "team-tourn"]
[EventRounds "14"]
[EventCountry "ESP"]
[SourceTitle "Ajedrez en Madrid"]
[Source "lmi"]
[SourceDate "2021.01.23"]
[SourceVersion "1"]
[SourceVersionDate "2021.06.08"]
[SourceQuality "1"]
[WhiteTeam "San Sebastian de los Reyes"]
[BlackTeam "Collado Villalba"]
[WhiteTeamCountry "ESP"]
[BlackTeamCountry "ESP"]

1. e4 c5 2. Nf3 e6 3. c3 Nf6 4. e5 Nd5 5. Bc4 d6 6. d4 cxd4 7. cxd4 Be7 8. O-O
O-O 9. Qe2 b6 10. Nc3 Nxc3 11. bxc3 Bb7 12. Bd2 Nd7 13. exd6 Bxd6 14. Bd3 Qc7
15. Rfe1 Rfe8 16. Ne5 Nxe5 17. dxe5 Bc5 18. Rad1 Rad8 19. Bb5 Bc6 20. a4 Rd7
21. Bg5 h6 22. Rxd7 Bxd7 23. Bh4 Bxb5 24. axb5 Bf8 25. c4 Rc8 26. Rc1 Qc5 27.
h3 Qd4 28. Bg3 Be7 29. Rc2 Bg5 30. Kh2 Rc5 31. Qf3 Rc7 32. Rc3 Be7 33. Rc2 Rxc4
34. Ra2 Ra4 35. Rc2 Bc5 36. Rc1 Qe4 37. Qb3 Ra3 38. Qd1 Qd3 39. Qg4 Qxb5 40.
Rd1 Be7 41. f4 Ra2 42. f5 exf5 43. Qxf5 Rxg2+ 44. Kxg2 Qe2+ 45. Bf2 Qxd1 46. e6
Bf6 47. Qb5 fxe6 48. Qe8+ Kh7 49. Qxe6 Qc2 0-1

[Event "Madrid-chT 2021"]
[Site "Madrid"]
[Date "2021.04.11"]
[Round "7.3"]
[White "Lianes Garcia, Marcos"]
[Black "Alfaya Marcelo, Roberto"]
[Result "1/2-1/2"]
[WhiteElo "2405"]
[BlackElo "2186"]
[PlyCount "95"]
[EventDate "2021.01.24"]
[EventType "team-tourn"]
[EventRounds "14"]
[EventCountry "ESP"]
[SourceTitle "Ajedrez en Madrid"]
[Source "lmi"]
[SourceDate "2021.01.23"]
[SourceVersion "1"]
[SourceVersionDate "2021.06.08"]
[SourceQuality "1"]
[WhiteTeam "Collado Villalba"]
[BlackTeam "San Sebastian de los Reyes"]
[WhiteTeamCountry "ESP"]
[BlackTeamCountry "ESP"]

1. d4 d5 2. c4 e6 3. Nf3 Nf6 4. g3 Be7 5. Bg2 O-O 6. O-O Ne4 7. Qc2 c6 8. Nbd2
f5 9. Ne5 Nd7 10. Nd3 Nxd2 11. Bxd2 a5 12. Rac1 Qe8 13. f4 Rf6 14. Ne5 Rh6 15.
Nxd7 Bxd7 16. Rf2 Bd6 17. Bf3 b5 18. c5 Bc7 19. Rg2 Qe7 20. Kf2 Rf8 21. Rcg1
Be8 22. Ke1 Bh5 23. Qd3 a4 24. Kd1 Qf6 25. Bxh5 Rxh5 26. e3 Rh3 27. Qe2 g6 28.
Qf1 Qg7 29. Qe2 Qh6 30. Kc1 Qh5 31. Qxh5 Rxh5 32. Kc2 Ra8 33. Kd3 Kf7 34. Rh1
Rh3 35. Ke2 Kf6 36. Rgg1 h6 37. Kf2 g5 38. Kg2 g4 39. Ra1 h5 40. Be1 Ke7 41.
Rd1 Kd7 42. Rd3 Kc8 43. Bf2 Kb7 44. Rb1 Bd8 45. Be1 h4 46. Ra3 hxg3 47. hxg3
Rh7 48. Rd3 1/2-1/2

[Event "Madrid-chT 2021"]
[Site "Madrid"]
[Date "2021.04.11"]
[Round "7.4"]
[White "Jovancevic, Jovan"]
[Black "Suarez Uriel, Adrian"]
[Result "1-0"]
[WhiteElo "2125"]
[BlackElo "2372"]
[PlyCount "55"]
[EventDate "2021.01.24"]
[EventType "team-tourn"]
[EventRounds "14"]
[EventCountry "ESP"]
[SourceTitle "Ajedrez en Madrid"]
[Source "lmi"]
[SourceDate "2021.01.23"]
[SourceVersion "1"]
[SourceVersionDate "2021.06.08"]
[SourceQuality "1"]
[WhiteTeam "San Sebastian de los Reyes"]
[BlackTeam "Collado Villalba"]
[WhiteTeamCountry "ESP"]
[BlackTeamCountry "ESP"]

1. d4 Nf6 2. c4 g6 3. Nc3 d5 4. Bf4 Bg7 5. Nf3 O-O 6. e3 c5 7. dxc5 Qa5 8. Rc1
Ne4 9. Be5 Bxe5 10. Nxe5 Rd8 11. cxd5 Nxc3 12. Rxc3 Nc6 13. Nc4 Qxc5 14. e4 e6
15. Ne3 Qa5 16. Bc4 Ne5 17. Qd4 Nxc4 18. Nxc4 Qxa2 19. O-O exd5 20. Ne3 Qa6 21.
Nxd5 Be6 22. Nf6+ Kh8 23. Qe5 Qd6 24. Qg5 Qf8 25. g4 Qg7 26. Rh3 Rac8 27. Rh6
Bxg4 28. Rxh7+ 1-0

[Event "Madrid-chT 2021"]
[Site "Madrid"]
[Date "2021.04.11"]
[Round "7.5"]
[White "Garcia Dorado, Alberto"]
[Black "Gonzalez Tedin, Antonio"]
[Result "1-0"]
[WhiteElo "2227"]
[BlackElo "2115"]
[PlyCount "83"]
[EventDate "2021.01.24"]
[EventType "team-tourn"]
[EventRounds "14"]
[EventCountry "ESP"]
[SourceTitle "Ajedrez en Madrid"]
[Source "lmi"]
[SourceDate "2021.01.23"]
[SourceVersion "1"]
[SourceVersionDate "2021.06.08"]
[SourceQuality "1"]
[WhiteTeam "Collado Villalba"]
[BlackTeam "San Sebastian de los Reyes"]
[WhiteTeamCountry "ESP"]
[BlackTeamCountry "ESP"]

1. d4 Nf6 2. c4 c5 3. Nf3 g6 4. g3 cxd4 5. Nxd4 Nc6 6. Bg2 Bg7 7. O-O O-O 8.
Nc3 Nxd4 9. Qxd4 d6 10. Qd3 Bf5 11. e4 Be6 12. Bd2 Nd7 13. b3 Nc5 14. Qe2 a5
15. Rac1 Qb6 16. Rb1 Rfc8 17. Rfc1 Qd8 18. Nd5 Bd7 19. Bg5 f6 20. Be3 e6 21.
Nc3 Bc6 22. Rd1 Qe7 23. Qd2 Rd8 24. Bf4 Bf8 25. a3 b6 26. Qc2 Ra7 27. Rd2 f5
28. Rbd1 Rad7 29. exf5 Bxg2 30. Kxg2 gxf5 31. b4 axb4 32. axb4 Na6 33. Qa4 Ra7
34. Nb5 Raa8 35. Bxd6 Qb7+ 36. f3 Bg7 37. Qb3 Rd7 38. Qe3 Re8 39. Be5 Rxd2+ 40.
Rxd2 Qc6 41. Qg5 Qb7 42. Nc7 1-0

[Event "Madrid-chT 2021"]
[Site "Madrid"]
[Date "2021.04.11"]
[Round "7.6"]
[White "Piqueras Yague, David"]
[Black "Ruiz Buendia, Miguel"]
[Result "0-1"]
[WhiteElo "1884"]
[BlackElo "2068"]
[PlyCount "60"]
[EventDate "2021.01.24"]
[EventType "team-tourn"]
[EventRounds "14"]
[EventCountry "ESP"]
[SourceTitle "Ajedrez en Madrid"]
[Source "lmi"]
[SourceDate "2021.01.23"]
[SourceVersion "1"]
[SourceVersionDate "2021.06.08"]
[SourceQuality "1"]
[WhiteTeam "San Sebastian de los Reyes"]
[BlackTeam "Collado Villalba"]
[WhiteTeamCountry "ESP"]
[BlackTeamCountry "ESP"]

1. e4 c5 2. Nf3 d6 3. Bb5+ Nd7 4. c3 Ngf6 5. d3 a6 6. Ba4 g6 7. O-O Bg7 8. Re1
b5 9. Bc2 O-O 10. b3 b4 11. Bb2 bxc3 12. Bxc3 Bb7 13. Nbd2 Nxe4 14. Bxg7 Nxd2
15. Bxf8 Nxf3+ 16. gxf3 Qxf8 17. d4 Qh6 18. Qc1 Qh5 19. Bd1 e5 20. f4 Qh3 21.
f3 exd4 22. Qd2 Bxf3 23. Bxf3 Qxf3 24. Re7 Nf6 25. Rae1 Nd5 26. Re8+ Rxe8 27.
Rxe8+ Kg7 28. Rd8 Ne3 29. Qf2 Qd1+ 30. Qf1 Qxf1# 0-1

[Event "Madrid-chT 2021"]
[Site "Madrid"]
[Date "2021.04.11"]
[Round "7.1"]
[White "Espinosa Aranda, Angel"]
[Black "Valles Moreno, Ivan"]
[Result "1/2-1/2"]
[WhiteElo "2483"]
[BlackElo "2415"]
[PlyCount "45"]
[EventDate "2021.01.24"]
[EventType "team-tourn"]
[EventRounds "14"]
[EventCountry "ESP"]
[SourceTitle "Ajedrez en Madrid"]
[Source "lmi"]
[SourceDate "2021.01.23"]
[SourceVersion "1"]
[SourceVersionDate "2021.06.08"]
[SourceQuality "1"]
[WhiteTeam "Virgen de Atocha"]
[BlackTeam "Villalba 64"]
[WhiteTeamCountry "ESP"]
[BlackTeamCountry "ESP"]

1. e4 c5 2. Nf3 d6 3. d4 cxd4 4. Qxd4 Nc6 5. Bb5 Bd7 6. Bxc6 Bxc6 7. Nc3 e5 8.
Qd3 Be7 9. O-O h6 10. Nd2 Nf6 11. Nc4 b5 12. Ne3 Qd7 13. Rd1 Rc8 14. a3 g6 15.
Bd2 Qb7 16. f3 Kf8 17. Be1 Kg7 18. Bh4 Rhd8 19. Bxf6+ Bxf6 20. Ncd5 Bg5 21. c3
h5 22. Kh1 a5 23. Qe2 1/2-1/2

[Event "Madrid-chT 2021"]
[Site "Madrid"]
[Date "2021.04.11"]
[Round "7.2"]
[White "Garcia Luengo, Leandro"]
[Black "Plazuelo Pascual, Juan"]
[Result "0-1"]
[WhiteElo "2343"]
[BlackElo "2459"]
[PlyCount "106"]
[EventDate "2021.01.24"]
[EventType "team-tourn"]
[EventRounds "14"]
[EventCountry "ESP"]
[SourceTitle "Ajedrez en Madrid"]
[Source "lmi"]
[SourceDate "2021.01.23"]
[SourceVersion "1"]
[SourceVersionDate "2021.06.08"]
[SourceQuality "1"]
[WhiteTeam "Villalba 64"]
[BlackTeam "Virgen de Atocha"]
[WhiteTeamCountry "ESP"]
[BlackTeamCountry "ESP"]

1. e4 c6 2. d4 d5 3. Nc3 dxe4 4. Nxe4 Nf6 5. Nxf6+ exf6 6. Be2 Bd6 7. Bf3 O-O
8. Ne2 Qc7 9. Be3 Nd7 10. Qd2 Re8 11. Rc1 Nf8 12. c4 Ng6 13. c5 Bf8 14. h4 Be6
15. h5 Ne7 16. Nc3 Nf5 17. O-O Rad8 18. b4 Qd7 19. Rcd1 Nh4 20. Be4 Bh3 21.
gxh3 Rxe4 22. f3 Ree8 23. Kh2 Qf5 24. Bf4 Qxh5 25. Qf2 Ng6 26. Bc7 Rd7 27. Bg3
Red8 28. Rfe1 Ne7 29. Ne4 Nf5 30. Rg1 Kh8 31. Rd3 Nxd4 32. Bd6 Nf5 33. Rgd1
Nxd6 34. Nxd6 Kg8 35. f4 b6 36. R1d2 h6 37. f5 Bxd6+ 38. cxd6 g6 39. fxg6 Qe5+
40. Kh1 fxg6 41. Re3 Qf5 42. Qg3 g5 43. Qe1 Kg7 44. Re7+ Kg6 45. Rxd7 Qxh3+ 46.
Kg1 Qxd7 47. Qe4+ Kg7 48. Qe2 Re8 49. Qd1 Re4 50. Qf3 Rxb4 51. Rd3 Rf4 52. Qe2
Kf8 53. Qh5 Qg4+ 0-1

[Event "Madrid-chT 2021"]
[Site "Madrid"]
[Date "2021.04.11"]
[Round "7.3"]
[White "Almagro Llamas, Pablo"]
[Black "Yashas, Devappa"]
[Result "1/2-1/2"]
[WhiteElo "2429"]
[BlackElo "2294"]
[PlyCount "146"]
[EventDate "2021.01.24"]
[EventType "team-tourn"]
[EventRounds "14"]
[EventCountry "ESP"]
[SourceTitle "Ajedrez en Madrid"]
[Source "lmi"]
[SourceDate "2021.01.23"]
[SourceVersion "1"]
[SourceVersionDate "2021.06.08"]
[SourceQuality "1"]
[WhiteTeam "Virgen de Atocha"]
[BlackTeam "Villalba 64"]
[WhiteTeamCountry "ESP"]
[BlackTeamCountry "ESP"]

1. d4 Nf6 2. Nf3 e6 3. c4 b6 4. e3 Bb7 5. Bd3 Be7 6. O-O O-O 7. Nc3 d5 8. b3
Nbd7 9. Bb2 c5 10. Qe2 Ne4 11. Rfd1 cxd4 12. Nxd4 Nxc3 13. Bxc3 Nc5 14. Bc2 Rc8
15. Rac1 a6 16. Bb1 Bf6 17. Qg4 Re8 18. cxd5 exd5 19. Ne2 Ne6 20. Qf5 Bxc3 21.
Qxh7+ Kf8 22. Rxc3 Rxc3 23. Nxc3 d4 24. Ne2 Qg5 25. e4 Qg4 26. f3 Qg5 27. Qf5
Qe3+ 28. Kf1 Rc8 29. Qe5 b5 30. Qg3 Rd8 31. Qf2 Qh6 32. h3 a5 33. Bd3 Ba6 34.
Rc1 Qd2 35. Rc6 Bb7 36. Rb6 Ba8 37. Qh4 g5 38. Qh6+ Ke7 39. Rxe6+ fxe6 40. Qg7+
Kd6 41. Qxd4+ Kc7 42. Qc5+ Bc6 43. Bxb5 Qd1+ 44. Kf2 Qd6 45. Qa7+ Bb7 46. Qxa5+
Qb6+ 47. Qxb6+ Kxb6 48. Bc4 Rd2 49. Bxe6 Ba6 50. Bc4 Bxc4 51. bxc4 Kc5 52. Ke3
Rxa2 53. f4 Ra3+ 54. Kf2 gxf4 55. Nxf4 Kd4 56. Ne6+ Kxe4 57. Ng5+ Kf4 58. Ne6+
Ke5 59. Ng5 Kf4 60. Ne6+ Ke5 61. Ng5 Rc3 62. Nf3+ Kf4 63. g3+ Ke4 64. Ng5+ Kf5
65. Nf3 Rxc4 66. Ke3 Rc3+ 67. Kf2 Ra3 68. Ke2 Ra2+ 69. Ke3 Ra3+ 70. Kf2 Ke4 71.
Ng5+ Kd4 72. Nf3+ Kd3 73. Ng5 Kd4 1/2-1/2

[Event "Madrid-chT 2021"]
[Site "Madrid"]
[Date "2021.04.11"]
[Round "7.4"]
[White "Sanchez Gonzalez, Sergio"]
[Black "Rubio Mejia, Luis Ignacio"]
[Result "1-0"]
[WhiteElo "2298"]
[BlackElo "2392"]
[PlyCount "139"]
[EventDate "2021.01.24"]
[EventType "team-tourn"]
[EventRounds "14"]
[EventCountry "ESP"]
[SourceTitle "Ajedrez en Madrid"]
[Source "lmi"]
[SourceDate "2021.01.23"]
[SourceVersion "1"]
[SourceVersionDate "2021.06.08"]
[SourceQuality "1"]
[WhiteTeam "Villalba 64"]
[BlackTeam "Virgen de Atocha"]
[WhiteTeamCountry "ESP"]
[BlackTeamCountry "ESP"]

1. e4 c5 2. Nf3 e6 3. c3 Nf6 4. e5 Nd5 5. d4 cxd4 6. cxd4 d6 7. Nc3 Nxc3 8.
bxc3 Qc7 9. Bd2 Nd7 10. Qa4 Be7 11. Bd3 O-O 12. Qc2 h6 13. exd6 Bxd6 14. O-O b6
15. a4 Bb7 16. Bh7+ Kh8 17. Be4 Nf6 18. Bxb7 Qxb7 19. Rfe1 Rfc8 20. Ne5 Bxe5
21. Rxe5 Rc4 22. Qd3 Qc6 23. a5 b5 24. Qh3 Kh7 25. Rae1 a6 26. g4 Ng8 27. g5 g6
28. d5 exd5 29. Qf3 Ra7 30. h3 Re4 31. gxh6 Qf6 32. Qxf6 Nxf6 33. R1xe4 Nxe4
34. Be3 Rd7 35. Re8 g5 36. Rc8 f6 37. h4 gxh4 38. Rc6 Rd6 39. Rc7+ Kh8 40. Kg2
Ng5 41. Bd4 h3+ 42. Kg3 Re6 43. f4 h2 44. Kxh2 Nf3+ 45. Kg3 Nxd4 46. cxd4 f5
47. Kh4 Rg6 48. Kh5 Rg4 49. Rd7 Rxf4 50. Rxd5 b4 51. Rd8+ Kh7 52. Rd7+ Kg8 53.
Kg6 Rg4+ 54. Kxf5 Rh4 55. d5 Rxh6 56. Rb7 Kf8 57. Rxb4 Ke7 58. Rb7+ Kd8 59. Rb6
Rh1 60. Rxa6 Kd7 61. Rg6 Rd1 62. Ke5 Re1+ 63. Kd4 Rd1+ 64. Kc5 Rc1+ 65. Kb6
Rb1+ 66. Ka7 Rb5 67. a6 Kc8 68. Rc6+ Kd7 69. Rb6 Rxd5 70. Kb7 1-0

[Event "Madrid-chT 2021"]
[Site "Madrid"]
[Date "2021.04.11"]
[Round "7.5"]
[White "Vallejo Diaz, Jesus"]
[Black "Perdomo Araujo, Angel Eduardo"]
[Result "1/2-1/2"]
[WhiteElo "2244"]
[BlackElo "2013"]
[PlyCount "113"]
[EventDate "2021.01.24"]
[EventType "team-tourn"]
[EventRounds "14"]
[EventCountry "ESP"]
[SourceTitle "Ajedrez en Madrid"]
[Source "lmi"]
[SourceDate "2021.01.23"]
[SourceVersion "1"]
[SourceVersionDate "2021.06.08"]
[SourceQuality "1"]
[WhiteTeam "Virgen de Atocha"]
[BlackTeam "Villalba 64"]
[WhiteTeamCountry "ESP"]
[BlackTeamCountry "ESP"]

1. e4 d5 2. exd5 Qxd5 3. Nc3 Qd6 4. d4 Nf6 5. h3 c6 6. Nf3 Bf5 7. Bd3 Bxd3 8.
Qxd3 e6 9. O-O Nbd7 10. Ne2 Qc7 11. c4 Bd6 12. c5 Be7 13. Bf4 Qd8 14. Nc1 O-O
15. Qc4 Nd5 16. Bg3 N7f6 17. Re1 Nh5 18. Bh2 Nhf4 19. b4 a6 20. Rb1 Ng6 21. Nb3
Qd7 22. a3 Bd8 23. Qc2 Bc7 24. Bxc7 Qxc7 25. Na5 Rad8 26. Rb3 Rfe8 27. Nc4 Qf4
28. g3 Qh6 29. h4 Qh5 30. Ng5 h6 31. Ne4 Qg4 32. Qe2 Qxe2 33. Rxe2 h5 34. a4
Re7 35. Ned6 b5 36. Na5 Rc7 37. f4 Nge7 38. Ra2 Rb8 39. Kf2 g6 40. Kf3 Nf5 41.
Nxf5 gxf5 42. Ke2 Kf8 43. Kd2 Ke7 44. Kc1 Kd7 45. Kb2 Rg8 46. Ka3 Nf6 47. Rd2
Ne4 48. Rdd3 Rg4 49. axb5 axb5 50. Kb2 Ra7 51. Ra3 Kc7 52. Kc2 Ra8 53. Re3 f6
54. Rf3 Ra7 55. Rfe3 Ra8 56. Rf3 Ra7 57. Rfe3 1/2-1/2

[Event "Madrid-chT 2021"]
[Site "Madrid"]
[Date "2021.04.11"]
[Round "7.6"]
[White "Estevez Sacristan, Deva"]
[Black "Vazquez Torres, Adrian"]
[Result "0-1"]
[WhiteElo "1961"]
[BlackElo "2161"]
[PlyCount "118"]
[EventDate "2021.01.24"]
[EventType "team-tourn"]
[EventRounds "14"]
[EventCountry "ESP"]
[SourceTitle "Ajedrez en Madrid"]
[Source "lmi"]
[SourceDate "2021.01.23"]
[SourceVersion "1"]
[SourceVersionDate "2021.06.08"]
[SourceQuality "1"]
[WhiteTeam "Villalba 64"]
[BlackTeam "Virgen de Atocha"]
[WhiteTeamCountry "ESP"]
[BlackTeamCountry "ESP"]

1. e4 c5 2. Nc3 Nc6 3. g3 g6 4. Bg2 Bg7 5. d3 d6 6. Be3 Nd4 7. f4 Qb6 8. Rb1 e6
9. Nf3 Ne7 10. O-O Bd7 11. Ne2 Nxe2+ 12. Qxe2 Qa6 13. a3 Rc8 14. Rfe1 O-O 15.
c3 Bb5 16. c4 Ba4 17. b4 b5 18. Rec1 Rfd8 19. Bf1 bxc4 20. dxc4 Be8 21. Rb3 Qa4
22. Rcb1 Nc6 23. bxc5 dxc5 24. e5 Nd4 25. Bxd4 cxd4 26. Ng5 Bc6 27. Ne4 Bf8 28.
Nf6+ Kg7 29. Qd3 Ba8 30. h4 Qc6 31. h5 Be7 32. R1b2 Qh1+ 33. Kf2 Bxf6 34. exf6+
Kxf6 35. Re2 Qxh5 36. Rb5 Rc5 37. Re5 Qh2+ 38. Ke1 Rxb5 39. Rxb5 Kg7 40. Ra5
Qh1 41. Kd2 Be4 42. Qe2 Rb8 43. Rb5 Rc8 44. Qf2 Bc6 45. Qxd4+ Kg8 46. Rb1 Qh2+
47. Be2 Qxg3 48. Ra1 Qh4 49. Kc2 Rd8 50. Qe3 Ba4+ 51. Kb2 Rb8+ 52. Ka2 Bb3+ 53.
Kb2 Bxc4+ 54. Kc2 Bxe2 55. Qxe2 Qxf4 56. a4 Qd4 57. Ra2 Rc8+ 58. Kb1 Qg1+ 59.
Kb2 Qc1+ 0-1

[Event "Madrid-chT 2021"]
[Site "Madrid"]
[Date "2021.04.17"]
[Round "8.1"]
[White "Herrera, Irisberto"]
[Black "Montoliu Cervero, Francisco"]
[Result "1/2-1/2"]
[WhiteElo "2416"]
[BlackElo "2405"]
[PlyCount "99"]
[EventDate "2021.01.24"]
[EventType "team-tourn"]
[EventRounds "14"]
[EventCountry "ESP"]
[SourceTitle "Ajedrez en Madrid"]
[Source "lmi"]
[SourceDate "2021.01.23"]
[SourceVersion "1"]
[SourceVersionDate "2021.06.08"]
[SourceQuality "1"]
[WhiteTeam "Capablanca"]
[BlackTeam "Blanco y Negro"]
[WhiteTeamCountry "ESP"]
[BlackTeamCountry "ESP"]

1. e4 c5 2. Nf3 d6 3. d4 cxd4 4. Nxd4 Nf6 5. Nc3 a6 6. f4 e5 7. Nf3 Nbd7 8. a4
Be7 9. Bd3 O-O 10. O-O exf4 11. Kh1 Nh5 12. Nd5 Ndf6 13. Nxf4 Nxf4 14. Bxf4 Bg4
15. Qe1 Re8 16. Be3 Bh5 17. Nd4 Bg6 18. Nf5 d5 19. e5 Ng4 20. Bd4 Bf6 21. Qb4
Nxe5 22. Bxe5 Bxe5 23. Qxb7 Rb8 24. Qa7 Bxb2 25. Rab1 Be5 26. Rxb8 Bxb8 27.
Qxa6 Bxf5 28. Bxf5 g6 29. Bh3 Qc7 30. g3 Re5 31. Qc8+ Qxc8 32. Bxc8 Re2 33. Bb7
Rd2 34. a5 Kg7 35. a6 h5 36. Ra1 Ba7 37. c3 g5 38. h3 Rd3 39. Kg2 Rd2+ 40. Kf1
Rd3 41. Kg2 Rd2+ 42. Kh1 Kf6 43. Rf1+ Kg6 44. Bc8 Ra2 45. Bf5+ Kg7 46. Bd3 Rd2
47. Bf5 Ra2 48. Bd3 Rd2 49. Bf5 Ra2 50. Bd3 1/2-1/2

[Event "Madrid-chT 2021"]
[Site "Madrid"]
[Date "2021.04.17"]
[Round "8.2"]
[White "Taboas Rodriguez, Daniel"]
[Black "Bolado Saez, Sergio"]
[Result "1/2-1/2"]
[WhiteElo "2366"]
[BlackElo "2339"]
[PlyCount "32"]
[EventDate "2021.01.24"]
[EventType "team-tourn"]
[EventRounds "14"]
[EventCountry "ESP"]
[SourceTitle "Ajedrez en Madrid"]
[Source "lmi"]
[SourceDate "2021.01.23"]
[SourceVersion "1"]
[SourceVersionDate "2021.06.08"]
[SourceQuality "1"]
[WhiteTeam "Blanco y Negro"]
[BlackTeam "Capablanca"]
[WhiteTeamCountry "ESP"]
[BlackTeamCountry "ESP"]

1. d4 d5 2. Nf3 e6 3. c4 c6 4. Bg5 Nf6 5. e3 Nbd7 6. Nc3 h6 7. Bh4 g5 8. Bg3
Nh5 9. Be5 Ng7 10. Bd3 g4 11. Nd2 Nxe5 12. dxe5 Qg5 13. O-O Qxe5 14. Qxg4 Bd6
15. Nf3 Qf6 16. Qh4 Qxh4 1/2-1/2

[Event "Madrid-chT 2021"]
[Site "Madrid"]
[Date "2021.04.17"]
[Round "8.3"]
[White "Collazo Hidalgo Gato, Niala"]
[Black "Ballester Llagaria, Luis Eduardo"]
[Result "1-0"]
[WhiteElo "2144"]
[BlackElo "2323"]
[PlyCount "85"]
[EventDate "2021.01.24"]
[EventType "team-tourn"]
[EventRounds "14"]
[EventCountry "ESP"]
[SourceTitle "Ajedrez en Madrid"]
[Source "lmi"]
[SourceDate "2021.01.23"]
[SourceVersion "1"]
[SourceVersionDate "2021.06.08"]
[SourceQuality "1"]
[WhiteTeam "Capablanca"]
[BlackTeam "Blanco y Negro"]
[WhiteTeamCountry "ESP"]
[BlackTeamCountry "ESP"]

1. e4 e6 2. d3 d5 3. Nd2 Nf6 4. g3 dxe4 5. dxe4 e5 6. Bg2 Nc6 7. Ngf3 Bc5 8.
O-O O-O 9. h3 a5 10. Qe2 b6 11. Rd1 Ba6 12. c4 Qe7 13. Nf1 Rad8 14. Bg5 h6 15.
Bxf6 Qxf6 16. Ne3 Nd4 17. Nxd4 Bxd4 18. Nd5 Qd6 19. Rac1 Qc5 20. a3 c6 21. b4
axb4 22. axb4 Qd6 23. b5 cxb5 24. cxb5 Bb7 25. Ne3 Qf6 26. Rc7 Ba8 27. Nf5 Bc5
28. Rdd7 Rxd7 29. Rxd7 Kh7 30. Qd2 Rc8 31. Qa2 Qe6 32. Qxe6 fxe6 33. Nxg7 Kg8
34. Nxe6 Bb4 35. f3 Kh8 36. Bf1 h5 37. Ra7 Bd6 38. Ra6 Rb8 39. Bd3 Kh7 40. f4
h4 41. gxh4 Kh6 42. f5 Kh5 43. Ra7 1-0

[Event "Madrid-chT 2021"]
[Site "Madrid"]
[Date "2021.04.17"]
[Round "8.4"]
[White "Alarcia Astiz, Carlos"]
[Black "Tejedo Meneses, Alvaro"]
[Result "1-0"]
[WhiteElo "2286"]
[BlackElo "2056"]
[PlyCount "83"]
[EventDate "2021.01.24"]
[EventType "team-tourn"]
[EventRounds "14"]
[EventCountry "ESP"]
[SourceTitle "Ajedrez en Madrid"]
[Source "lmi"]
[SourceDate "2021.01.23"]
[SourceVersion "1"]
[SourceVersionDate "2021.06.08"]
[SourceQuality "1"]
[WhiteTeam "Blanco y Negro"]
[BlackTeam "Capablanca"]
[WhiteTeamCountry "ESP"]
[BlackTeamCountry "ESP"]

1. d4 Nf6 2. Nf3 g6 3. c4 Bg7 4. Nc3 d5 5. e3 O-O 6. Bd3 c5 7. dxc5 dxc4 8.
Bxc4 Qa5 9. O-O Qxc5 10. Qe2 Bg4 11. Bb3 Nc6 12. h3 Bd7 13. e4 e5 14. Be3 Qa5
15. Rfd1 Rfd8 16. Bxf7+ Kh8 17. Bb3 h6 18. Rd6 Be8 19. Rxd8 Rxd8 20. Rd1 Kh7
21. Rd2 Nh5 22. Qc4 Nf6 23. Nd5 Nxd5 24. exd5 Bf7 25. Qh4 Bxd5 26. Ng5+ Kg8 27.
Ne6 Bxe6 28. Bxe6+ Kh7 29. Rxd8 Nxd8 30. Bb3 Qc7 31. Qe4 Qc6 32. Bd5 Qb5 33. b3
b6 34. Bd2 Qc5 35. Bb4 Qc1+ 36. Kh2 Qc7 37. h4 h5 38. g4 hxg4 39. h5 Kh8 40.
Qxg6 e4+ 41. Kg2 Qe5 42. h6 1-0

[Event "Madrid-chT 2021"]
[Site "Madrid"]
[Date "2021.04.17"]
[Round "8.5"]
[White "Porras Fernandez, Alberto"]
[Black "Renteria Becerra, Jorge Elicer"]
[Result "0-1"]
[WhiteElo "1920"]
[BlackElo "2249"]
[PlyCount "94"]
[EventDate "2021.01.24"]
[EventType "team-tourn"]
[EventRounds "14"]
[EventCountry "ESP"]
[SourceTitle "Ajedrez en Madrid"]
[Source "lmi"]
[SourceDate "2021.01.23"]
[SourceVersion "1"]
[SourceVersionDate "2021.06.08"]
[SourceQuality "1"]
[WhiteTeam "Capablanca"]
[BlackTeam "Blanco y Negro"]
[WhiteTeamCountry "ESP"]
[BlackTeamCountry "ESP"]

1. e4 c5 2. Nf3 d6 3. d4 cxd4 4. Nxd4 Nf6 5. Nc3 a6 6. Be3 e5 7. Nf3 Be7 8. Bc4
O-O 9. h3 Be6 10. Bb3 Qc8 11. Qd2 b5 12. Nd5 Bxd5 13. Bxd5 Nxd5 14. Qxd5 Nd7
15. Qd3 Qc6 16. O-O Rac8 17. Rac1 h6 18. Nd2 f5 19. f3 fxe4 20. fxe4 Rxf1+ 21.
Nxf1 Nc5 22. Bxc5 Qxc5+ 23. Kh2 Bg5 24. Rd1 Qxc2 25. Qxd6 Rf8 26. Kh1 Rf2 27.
Qe6+ Kh7 28. Qg4 Qe2 29. Nh2 h5 30. Qxe2 Rxe2 31. Nf3 Bf4 32. g3 Bxg3 33. Rd2
Re3 34. Kg2 Bf4 35. Rc2 Rxe4 36. Kf2 Rc4 37. Re2 e4 38. Nh4 g5 39. Nf5 Kg6 40.
Ne7+ Kf6 41. Nd5+ Ke5 42. Nc3 b4 43. Na4 Rc1 44. Kg2 Kd4 45. b3 Kd3 46. Rf2 Be5
47. Rf5 Bd4 0-1